000
00242nam a2200097Ia 4500
008
220204s9999 xx 000 0 und d
082
_a
5(031)
_b
NEW
245
0
_a
New encyclopedia of science. 16 V
260
_a
London
_b
Purnel
_c
1979
942
_c
BK
999
_c
36219
_d
36219